000 01210cam a2200337 a 4500
001 903
005 20241204090813.0
020 _a9780679890621
040 _aDLC
_cDLC
_dDLC
_beng
050 0 0 _aPZ7.O81167
_bHo 1998
082 0 0 _aFic
100 1 _aOsborne, Mary Pope.
245 1 0 _aHour of the Olympics /
_cby Mary Pope Osborne ; illustrated by Sal Murdocca.
250 _aPrinted in the United States of America
260 _aNew York :
_bRandom House,
_c1998
300 _a70 pages :
_billustrations ;
_c20 cm.
490 1 _aMagic tree house
_vBook 16
500 _a"A Stepping Stone book."
505 _aG
520 _aTheir magic tree house takes Jack and Annie back to retrieve a lost story in ancient Greece, where they witness the original Olympic games and are surprised to find what girls of the time were not allowed to do.
521 0 _a380
_bLexile
521 0 _aG
_bRaz-Plus
650 1 _aOlympics
_xFiction.
650 1 _aTime travel
_xFiction.
650 1 _aSex role
_xFiction.
650 1 _aMagic
_xFiction.
650 1 _aTree houses
_xFiction.
700 1 _aMurdocca, Sal
_eillustrator
906 _a7
_bcbc
_corignew
_d1
_eocip
_f19
_gy-gencatlg
942 _2ddc
_cBK
_n0
999 _c903
_d903